| 000 | 01042nam a2200289 i 4500 | ||
|---|---|---|---|
| 003 | EG-GICUC | ||
| 005 | 20260421162532.0 | ||
| 008 | 260421s1970 ua ||||fr|||| 00| 0 ara d | ||
| 017 |
_a3967/1969 _d1970 |
||
| 040 |
_a EG-GICUC _bara _c EG-GICUC _d EG-GICUC _erda |
||
| 041 |
_aara _hara |
||
| 082 | 0 | 4 |
_221 _a345.693 _bط ع .ر |
| 092 | 0 | 4 | _221 |
| 099 | _aLaw1 07 345.693 ط ع .ر 1970 | ||
| 100 | 1 |
_aطعيمه الجرف _eAuthor. |
|
| 245 | 1 | 0 |
_aرقابه القضاء لاعمال الاداره العامه / _cطعيمه الجرف |
| 264 | 1 |
_aالقاهره : _bمكتبه القاهره الحديثه, _c1970. |
|
| 300 |
_a463صفحة _bإيضاحيات، صور، مثيليات ؛ _c24 سم |
||
| 336 |
_2rda content _atext |
||
| 337 |
_2rda media _aComputer |
||
| 338 |
_2rda carrier _aOnline Resource |
||
| 650 | 1 | 4 |
_aالرقابة القضائية علي اعمال الادارة _2qrmak |
| 651 | 1 | _2qrmak | |
| 856 | 4 | 0 | _uhttps://fll.law.cu.edu.eg/B07-04060/bks/test.pdf |
| 905 | _a163 | ||
| 942 |
_2ddc _cBK _e21 _n0 |
||
| 999 |
_c72568 _d72568 |
||